000 01446nam a2200361Ia 4500
001 ebr10240785
003 CaPaEBR
006 m u
007 cr cn|||||||||
008 070215s2007 maua sb 001 0 eng d
020 _z159693042X
020 _z9781596930421
040 _aCaPaEBR
_cCaPaEBR
035 _a(OCoLC)320324613
050 1 4 _aTL798.N3
_bJ33 2007eb
100 1 _aJacobson, Len.
245 1 0 _aGNSS markets and applications
_h[electronic resource] /
_cLen Jacobson.
246 3 1 _aGlobal Navigation Satellite Systems markets and applications
250 _a3rd ed.
260 _aNorwood, MA :
_bArtech House,
_cc2007.
300 _axiv, 216 p. :
_bill.
490 1 _aGNSS technology and applications series
504 _aIncludes bibliographical references and index.
533 _aElectronic reproduction.
_bPalo Alto, Calif. :
_cebrary,
_d2009.
_nAvailable via World Wide Web.
_nAccess may be limited to ebrary affiliated libraries.
650 0 _aArtificial satellites in navigation.
650 0 _aGeographic information systems.
650 0 _aGlobal Positioning System
_xGovernment policy
_zUnited States.
650 0 _aGlobal Positioning System.
655 7 _aElectronic books.
_2local
710 2 _aebrary, Inc.
830 0 _aGNSS technology and applications series.
856 4 0 _uhttp://site.ebrary.com/lib/rucke/Doc?id=10240785
_zAn electronic book accessible through the World Wide Web; click to view
999 _c36016
_d36016